000
00313nam a2200121Ia 4500
008
190216s9999||||xx |||||||||||||| ||und||
100
_a
Amaranath.T
245
0
_a
Partial Differential Equations :an Elementary Course
260
_b
Narosa Pubs House
_c
1997
300
_a
135p
650
_a
Mathematics
942
_c
BK
999
_c
31494
_d
31494